Man In The Box-Alice In Chains Lyric Quiz - Statistics

General Stats
  • This quiz has been taken 311 times
  • The average score is 94 of 120
Answer Stats
Hint Answer % Correct
box
98%
in
98%
man
98%
the
98%
my
96%
you
93%
Verse 1 | Verse 2 I'm
90%
eyes
89%
me?
88%
me
88%
shit
88%
who
87%
Jesus
86%
Christ
85%
save
84%
Save
84%
and
83%
can
83%
come
82%
them
82%
Pre-Chorus Won't
80%
be
79%
shut?
78%
shut
78%
Chorus Feed
76%
feed
76%
sew
75%
deny
74%
your
74%
maker
72%
he
70%
buried
69%
beat
65%
dog
65%
gets
65%
tries
62%
will
60%
now
58%
nose
57%
shove
55%
wasted
52%
oh
45%
sewn
40%
you've
40%
No matching quizzes found
Score Distribution
Percent of People with Each Score
Percentile by Number Answered
Your Score History
You have not taken this quiz